[Event "Estonian ch (w)"]
[Site "Puhajarve"]
[Date "2001.08.14"]
[Round "7"]
[White "Piarnpuu, Leili"]
[Black "Ranniku, Maaja"]
[Result "1-0"]
[WhiteElo "2212"]
[BlackElo "2097"]
[PlyCount "47"]
[EventDate "2001.08.08"]

1. Nf3 Nf6 2. c4 e6 3. d4 c5 4. Nc3 cxd4 5. Nxd4 Nc6 6. g3 a6 7. Bg2 Qc7 8. O-O
b6 9. Nxc6 dxc6 10. Bf4 Qb7 11. Bd6 Bd7 12. Bxf8 Rxf8 13. Qd6 O-O-O 14. Rfd1
Qc7 15. Qa3 Kb7 16. b4 Ra8 17. Qb3 Ka7 18. b5 Rab8 19. Qa3 a5 20. bxc6 Bxc6 21.
Rd6 Bd7 22. Rad1 Qxc4 23. Rxd7+ Ka6 24. e3 1-0

[Event "Estonian ch (w)"]
[Site "Puhajarve"]
[Date "2001.08.14"]
[Round "7"]
[White "Fomina, Tatjana"]
[Black "Bashkite, Viktorija"]
[Result "0-1"]
[WhiteElo "2269"]
[BlackElo "2072"]
[PlyCount "70"]
[EventDate "2001.08.08"]

1. d4 e6 2. Bf4 Nf6 3. e3 d5 4. Nf3 c5 5. Be2 Qb6 6. Qc1 Nc6 7. c3 Bd7 8. O-O
Rc8 9. Rd1 Be7 10. Be5 Nxe5 11. Nxe5 Bd6 12. f4 cxd4 13. exd4 Bb5 14. Bf3 Ne4
15. Qe3 f5 16. Bxe4 dxe4 17. Nd2 O-O 18. b3 Bxe5 19. fxe5 Bd3 20. Nc4 Bxc4 21.
bxc4 Rxc4 22. Rab1 Qc6 23. d5 exd5 24. Qxa7 b5 25. Rb2 Ra8 26. Qf2 Qc5 27. Qxc5
Rxc5 28. Kf2 Kf7 29. Ke3 Ke6 30. Kf4 g5+ 31. Kxg5 Kxe5 32. g3 Ra6 33. Rbd2 Rd6
34. h3 Rcc6 35. g4 f4 0-1

[Event "Estonian ch (w)"]
[Site "Puhajarve"]
[Date "2001.08.14"]
[Round "7"]
[White "Budylina, Sofia"]
[Black "Tsiganova, Monika"]
[Result "0-1"]
[WhiteElo "2076"]
[BlackElo "2273"]
[PlyCount "72"]
[EventDate "2001.08.08"]

1. e4 c5 2. Nf3 d6 3. d4 cxd4 4. Nxd4 Nf6 5. Nc3 a6 6. Be2 e5 7. Nb3 Be7 8. O-O
Be6 9. Be3 O-O 10. a4 Nbd7 11. a5 Rc8 12. f3 Qc7 13. Bd3 Nc5 14. Nxc5 dxc5 15.
Na4 c4 16. Be2 Bb4 17. Nb6 Rcd8 18. Qc1 Nd7 19. Ra4 Bxa5 20. Nxc4 b5 21. Nxa5
bxa4 22. b4 axb3 23. Nxb3 a5 24. Bd2 a4 25. Na5 Ra8 26. Qe1 Ra7 27. Bb5 Rxa5
28. Bxd7 Ra6 29. Bxe6 Rxe6 30. Bb4 Ra8 31. c3 a3 32. Qf2 a2 33. Ra1 Qc4 34. Qf1
Qb3 35. Qd3 Ree8 36. Qd5 Qb2 0-1